| 000 | 00876nam a22002177a 4500 | ||
|---|---|---|---|
| 005 | 20150519114006.0 | ||
| 010 | _aENG-112570 | ||
| 020 |
_a9789381904084 _c1395.00 |
||
| 035 | _aEN-96102 | ||
| 037 | _bDBAD/PUB | ||
| 082 | _a338.4762340954 | ||
| 100 | _aMisra, S.N. | ||
| 245 | 0 | 0 |
_aImpact of defence offsets on India's military industry capability and self- reliance: _cby S.N. Misra ; foreworded by A.P.J. Abdul Kalam ; introduction by Jasjit Singh. _bthe road ahead / |
| 260 |
_aNew Delhi _bKW Publishers _c2012 |
||
| 270 |
_a4676/21, First Floor, Ansari Road, Daryaganj, _bNew Delhi _e110002 |
||
| 300 |
_axxx,186p. : _c24cm(Hb) _bill. |
||
| 500 | _aIncludes bibliographical references (p. 173-184) and index. | ||
| 650 |
_a Defense industries _zIndia. |
||
| 650 |
_aMilitary-industrial complex _zIndia. |
||
| 942 |
_2ddc _cEN _mMIS _h338.4762340954 |
||
| 999 |
_c92714 _d92714 |
||